000 00898nam a22002415i 4500
001 173201
003 ES-MaACL
005 20240417183535.0
008 091117s2008 sp |||| | spa d
080 _a322(46)"19"
100 1 _aAzaña, Manuel,
_d1880-1940
_924223
245 1 1 _a"España ha dejado de ser católica" y otro discurso /
_cManuel Azaña ; prólogo de Justino Sinova.
260 _a[Barcelona] :
_bCentro Editor PDA,
_c[2008]
300 _a64 p. :
_bil. ;
_c22 cm.
490 1 _aLas voces de la democracia, así hablan los grandes políticos ;
_v3
490 1 _aBiblioteca El mundo
650 4 _aIglesia y Estado-
_zEspaña-
_yS.XX.
_913561
700 1 _aSinova, Justino.
_9106650
830 1 _aLas voces de la democracia, así hablan los grandes políticos ;
_v3
_9189188
830 1 _aBiblioteca El Mundo
_9189189
852 _aES-MaACL
_j2254-F-3
999 _c173201
_d173201